The wolfman (Record no. 69099)
[ view plain ]
| 000 -LEADER | |
|---|---|
| fixed length control field | 03087cgm a2200625Ia 4500 |
| 001 - CONTROL NUMBER | |
| control field | ocn558876539 |
| 003 - CONTROL NUMBER IDENTIFIER | |
| control field | OCoLC |
| 005 - DATE AND TIME OF LATEST TRANSACTION | |
| control field | 20241220125040.0 |
| 008 - FIXED-LENGTH DATA ELEMENTS--GENERAL INFORMATION | |
| fixed length control field | 100318s2010 cau119 vleng d |
| 007 - PHYSICAL DESCRIPTION FIXED FIELD--GENERAL INFORMATION | |
| fixed length control field | vd cvaizu |
| 040 ## - CATALOGING SOURCE | |
| Original cataloging agency | TEFMT |
| Transcribing agency | TEFMT |
| Modifying agency | BTCTA |
| -- | TEF |
| -- | IMD |
| -- | GK8 |
| -- | IF9 |
| -- | YVO |
| -- | EYP |
| -- | UINTA |
| 024 10 - OTHER STANDARD IDENTIFIER | |
| Standard number or code | 025195038430 |
| 028 42 - PUBLISHER NUMBER | |
| Publisher number | 61104672 |
| Source | Universal |
| 035 ## - SYSTEM CONTROL NUMBER | |
| System control number | (OCoLC)558876539 |
| 037 ## - SOURCE OF ACQUISITION | |
| Source of stock number/acquisition | Midwest Tape |
| Note | http://www.midwesttapes.com |
| 041 1# - LANGUAGE CODE | |
| Language code of text/sound track or separate title | eng |
| -- | fre |
| -- | spa |
| -- | fre |
| -- | spa |
| Language code of original and/or intermediate translations of text | eng |
| 050 #4 - LIBRARY OF CONGRESS CALL NUMBER | |
| Classification number | PN1997.2 |
| Item number | .W65 2010 |
| 049 ## - LOCAL HOLDINGS (OCLC) | |
| Holding library | UCLB |
| 092 ## - LOCALLY ASSIGNED DEWEY CALL NUMBER (OCLC) | |
| Classification number | 791.437 |
| 130 0# - MAIN ENTRY--UNIFORM TITLE | |
| Uniform title | Wolfman (Motion picture) |
| 9 (RLIN) | 6207396 |
| 245 14 - TITLE STATEMENT | |
| Title | The wolfman |
| Medium | [videorecording] / |
| Statement of responsibility, etc | Universal Pictures in association with Relativity Media, a Stuber Pictures production ; screenplay by Andrew Kevin Walker and David Self ; produced by Scott Stuber, Benicio Del Toro, Rick Yorn, Sean Daniel ; directed by Joe Johnston. |
| 250 ## - EDITION STATEMENT | |
| Edition statement | Unrated director's cut. |
| 260 ## - PUBLICATION, DISTRIBUTION, ETC. (IMPRINT) | |
| Place of publication, distribution, etc | Universal City, Calif. : |
| Name of publisher, distributor, etc | Universal, |
| Date of publication, distribution, etc | c2010. |
| 300 ## - PHYSICAL DESCRIPTION | |
| Extent | 1 DVD-video (119 min.) : |
| Other physical details | sd., col. ; |
| Dimensions | 4 3/4 in. |
| 538 ## - SYSTEM DETAILS NOTE | |
| System details note | DVD, NTSC, region 1, Dolby digital, anamorphic widescreen presentation (1.85:1). |
| 546 ## - LANGUAGE NOTE | |
| Language note | English, French or Spanish dialogue; French or Spanish subtitles. English subtitles for the deaf and hard-of-hearing. |
| 511 1# - PARTICIPANT OR PERFORMER NOTE | |
| Participant or performer note | Anthony Hopkins, Benicio Del Toro, Emily Blunt, Hugo Weaving. |
| 508 ## - CREATION/PRODUCTION CREDITS NOTE | |
| Creation/production credits note | Director of photography, Shelly Johnson ; editors, Dennis Virkler, Walter Murch ; music, Danny Elfman ; special make-up design, Rick Baker. |
| 500 ## - GENERAL NOTE | |
| General note | Includes theatrical (103 min.) and unrated (119 min.) versions. |
| 500 ## - GENERAL NOTE | |
| General note | DVD release of the 2010 motion picture. |
| 500 ## - GENERAL NOTE | |
| General note | Special features: deleted and extended scenes. |
| 521 8# - TARGET AUDIENCE NOTE | |
| Target audience note | Unrated [and] R rating; for bloody horror, violence and gore. |
| 520 ## - SUMMARY, ETC. | |
| Summary, etc | Lawrence Talbot is lured back to his family estate to investigate the savage murder of his brother by a bloodthirsty beast. There, Talbot must confront his childhood demons, his estranged father, his brother's grieving fiancee, and a suspicious Scotland Yard inspector. When Talbot is bitten by the creature, he becomes eternally cursed and soon discovers a fate far worse than death. |
| 650 #0 - SUBJECT ADDED ENTRY--TOPICAL TERM | |
| Topical term or geographic name as entry element | Werewolves |
| Form subdivision | Drama. |
| 9 (RLIN) | 5695776 |
| 655 #0 - INDEX TERM--GENRE/FORM | |
| Genre/form data or focus term | Horror films. |
| 9 (RLIN) | 6207397 |
| 655 #0 - INDEX TERM--GENRE/FORM | |
| Genre/form data or focus term | Video recordings for the hearing impaired. |
| 9 (RLIN) | 6207398 |
| 700 1# - ADDED ENTRY--PERSONAL NAME | |
| Personal name | Walker, Andrew Kevin. |
| 9 (RLIN) | 6207399 |
| 700 1# - ADDED ENTRY--PERSONAL NAME | |
| Personal name | Self, David. |
| 9 (RLIN) | 21544 |
| 700 1# - ADDED ENTRY--PERSONAL NAME | |
| Personal name | Stuber, Scott. |
| 9 (RLIN) | 56399 |
| 700 1# - ADDED ENTRY--PERSONAL NAME | |
| Personal name | Yorn, Rick. |
| 9 (RLIN) | 5871365 |
| 700 1# - ADDED ENTRY--PERSONAL NAME | |
| Personal name | Daniel, Sean. |
| 9 (RLIN) | 76355 |
| 700 1# - ADDED ENTRY--PERSONAL NAME | |
| Personal name | Elfman, Danny. |
| 9 (RLIN) | 36232 |
| 700 1# - ADDED ENTRY--PERSONAL NAME | |
| Personal name | Johnston, Joe, |
| Dates associated with a name | 1950- |
| Relator term | director. |
| 9 (RLIN) | 51359 |
| 700 1# - ADDED ENTRY--PERSONAL NAME | |
| Personal name | Hopkins, Anthony, |
| Dates associated with a name | 1937- |
| 9 (RLIN) | 4319 |
| 700 1# - ADDED ENTRY--PERSONAL NAME | |
| Personal name | Toro, Benicio del, |
| Dates associated with a name | 1967- |
| 9 (RLIN) | 66132 |
| 700 1# - ADDED ENTRY--PERSONAL NAME | |
| Personal name | Blunt, Emily. |
| 9 (RLIN) | 72353 |
| 700 1# - ADDED ENTRY--PERSONAL NAME | |
| Personal name | Weaving, Hugo, |
| Dates associated with a name | 1960- |
| 9 (RLIN) | 59349 |
| 710 2# - ADDED ENTRY--CORPORATE NAME | |
| Corporate name or jurisdiction name as entry element | Universal Pictures (Firm) |
| 9 (RLIN) | 19584 |
| 710 2# - ADDED ENTRY--CORPORATE NAME | |
| Corporate name or jurisdiction name as entry element | Relativity Media. |
| 9 (RLIN) | 73590 |
| 710 2# - ADDED ENTRY--CORPORATE NAME | |
| Corporate name or jurisdiction name as entry element | Stuber Pictures (Firm) |
| 9 (RLIN) | 5855810 |
| 938 ## - | |
| -- | Baker and Taylor |
| -- | BTCP |
| -- | BEDDMC 61104672 |
| 942 ## - ADDED ENTRY ELEMENTS (KOHA) | |
| Koha item type | DVD |
| 994 ## - | |
| -- | C0 |
| -- | UINTA |
| 998 ## - LOCAL CONTROL INFORMATION (RLIN) | |
| -- | a134035 |
| Withdrawn status | Lost status | Source of classification or shelving scheme | Damaged status | Not for loan | Collection code | Home library | Current library | Shelving location | Date acquired | Source of acquisition | Cost, normal purchase price | Total Checkouts | Total Renewals | Full call number | Barcode | Date last seen | Date checked out | Cost, replacement price | Price effective from | Koha item type |
|---|---|---|---|---|---|---|---|---|---|---|---|---|---|---|---|---|---|---|---|---|
| Dewey Decimal Classification | Movies | Wasatch County Library | Wasatch County Library | Audio Visual Area | 09/13/2010 | Amazon | 15.95 | 55 | 3 | DVD Wol | 34301000962516 | 10/23/2024 | 10/19/2024 | 15.95 | 03/20/2020 | DVD |
